01730nam a2200433 a 4500008004100000020003300041040002500074041001300099043001200112044000700124072006700131080001600198080001800214080001800232080001900250080001700269080001800286100001900304245025900323246005100582250002400633260004600657300005800703490006000761500002900821500005900850504002100909610003200930650002800962650003100990650003801021650003501059651002101094700002401115700003101139044001101170999001701181952009801198081016s2008||||xo ol g 000 0 slo d a9788089169146 q(viaz.)c100 aSNKbslocSNKeAACR20 asloaeng ae-xo--- cSK 7a355/359xVojenstvo. Obrana krajiny. Ozbrojené sily2konspekt a355.122001 a(437.6)22001 a(048.8)22001 a(084.12)22001 a355.0222001 a005.931220011 aPurdek, Imrich10aV službách vlasti, demokracie a mierub15 rokov Ozbrojených síl Slovenskej republiky : 1993 - 2008cvedúci autorského kolektívu: Imrich Purdek ; spoluautori Ján Lichner ... [et al.] ; [preklad do anglického jazyka: Ľubomír Ondruš]11aIn the service of country, democracy and peace a1. slov.-angl. vyd. a[Bratislava]bMagnet Press Slovakiac2008 a303 s.bfotogr. (prevažne fareb.), sch.c22 x 31 cm1 aZlatá edícia: Ozbrojené sily Slovenskej republiky aMiesto vyd. podľa ISBN aSpoluvydav. Vojenský historický ústav Bratislava aBibliogr. s. 30217aSlovensko.bArmáda2SNKKA07aozbrojené sily2SNKPH07avojenská politika2SNKPH07anárodná bezpečnosť2SNKPH07akrízový manažment2SNKPH 7aSlovensko2SNKPH1 aLichner, Ján4aut1 aOndruš, Ľubomír4trl axocSK c19880d19880 001040708Ka10000b10000d2019-11-29g100.00i18 366oI 1565r2019-11-29w2019-11-29yOLDO